[Event "Oberbayern-ch"]
[Site "Hochstaett am Inn"]
[Date "2017.05.28"]
[Round "1.5"]
[White "Jocher, Georg"]
[Black "Reisser, Simon"]
[Result "1/2-1/2"]
[WhiteElo "2075"]
[BlackElo "1938"]
[PlyCount "99"]
[EventDate "2017.05.28"]
[EventType "swiss"]
[EventRounds "7"]
[EventCountry "GER"]
[SourceTitle "EXT 2022"]
[Source "ChessBase"]
[SourceDate "2021.10.06"]
[SourceVersion "1"]
[SourceVersionDate "2021.10.06"]
[SourceQuality "1"]

1. Nf3 Nf6 2. g3 d5 3. Bg2 g6 4. 0-0 Bg7 5. d4 0-0 6. c4 c6 7. Nc3 Re8 8. Qb3 e6 9. Rd1 Nbd7 10. Bf4 Nb6 11. Nd2 dxc4 12. Nxc4 Nfd5 13. Nd6 Re7 14. Nxc8 Rxc8 15. Bg5 Bf6 16. Bxf6 Nxf6 17. a4 a5 18. Rac1 Rd7 19. e3 Nbd5 20. Bf3 Nb4 21. Ne2 h6 22. Kg2 Qe7 23. Nf4 Nfd5 24. Nd3 Nxd3 25. Rxd3 Nb4 26. Rdd1 b6 27. h4 h5 28. Qc4 Rdc7 29. b3 c5 30. d5 Nxd5 31. Bxd5 exd5 32. Rxd5 Rd7 33. Rcd1 Rcd8 34. e4 Rd6 35. f4 Qe6 36. Rxd6 Rxd6 37. Qxe6 Rxe6 38. Rd8+ Kg7 39. Kf3 Rc6 40. Rd3 b5 41. Rc3 b4 42. Rc1 c4 43. bxc4 b3 44. c5 b2 45. Rb1 Rxc5 46. Rxb2 Rc3+ 47. Ke2 Ra3 48. e5 Rxa4 49. Rb7 Kf8 50. Ra7 1/2-1/2

[Event "Barcelona Sant Marti op-A 17th"]
[Site "Barcelona"]
[Date "2015.07.13"]
[Round "1"]
[White "Jocher, Georg"]
[Black "Morales, Jhon Alexander"]
[Result "0-1"]
[WhiteElo "1931"]
[BlackElo "2308"]
[PlyCount "108"]
[EventDate "2015.07.13"]
[EventType "swiss"]
[EventRounds "9"]
[EventCountry "ESP"]
[SourceTitle "CBM 167 Extra"]
[Source "ChessBase"]
[SourceDate "2015.09.14"]
[SourceVersion "1"]
[SourceVersionDate "2015.09.14"]
[SourceQuality "1"]

1. e4 c5 2. Nf3 e6 3. d4 cxd4 4. Nxd4 a6 5. c4 Nf6 6. Nc3 Qc7 7. Be2 d6 8. 0-0 b6 9. Be3 Bb7 10. Qb1 Nbd7 11. Rc1 Rc8 12. h3 Qb8 13. b4 Be7 14. f4 g6 15. a4 0-0 16. a5 bxa5 17. Rxa5 Bd8 18. Ra3 Bb6 19. Rb3 Ba7 20. Bd3 Qa8 21. Re1 Rfe8 22. Kh2 e5 23. fxe5 Rxe5 24. Nf3 Bxe3 25. Rxe3 Re7 26. Rb2 Rce8 27. Rbe2 Qa7 28. Qd1 Qb6 29. Qb1 Bc6 30. Re1 Qc7 31. Kh1 Rb8 32. Nd5 Bxd5 33. exd5 Rxe3 34. Rxe3 Qb6 35. Qe1 Qxb4 36. Qh4 a5 37. Ng5 Qd2 38. Rf3 Rf8 39. Ne4 Nxe4 40. Qxe4 Nc5 41. Qe2 Qxe2 42. Bxe2 Re8 43. Bf1 a4 44. Kg1 Kg7 45. Kf2 Ne4+ 46. Kg1 h5 47. g4 hxg4 48. hxg4 Nc5 49. Kf2 Rb8 50. Ke1 Rb2 51. Kd1 Nb3 52. c5 a3 53. Rxb3 Rxb3 54. Kc2 a2 0-1